000 00673nam a2200241Ia 4500
003 OSt
005 20221005062752.0
006 a|||||r|||| 00| 0
007 ta
008 221004b |||||||| |||| 00| 0 ger d
024 _a122007
037 _bGift, 11/10/2012,
_cTextual
040 _aCRL
_cCRL
_bger
041 _2ger
_ager
082 _aO113,6M75x, 111H7
100 _aMann Thomas
245 0 _aEssays of three decades
260 _aLondon
_bSecker & Warburg
_c1947
300 _a473p.
_ccm.
650 _aGERMAN LITERATURE
_915713
942 _hO113,6M75x, 111H7
_cTEXL
_2cc
999 _c970225
_d970225